Vampire Diaries Characters - Statistics

General Stats
  • This quiz has been taken 1,301 times
  • The average score is 47 of 103
Answer Stats
Characters % Correct
Elena Gilbert
100%
Damon Salvatore
99%
Stefan Salvatore
99%
Carol Lockwood
98%
Bonnie Bennett
97%
Klaus Mikaelson
95%
Caroline Forbes
94%
Matt Donovan
94%
Tyler Lockwood
93%
Rebekah Mikaelson
92%
Jeremy Gilbert
91%
Katherine Pierce
91%
Elijah Mikaelson
90%
Alaric Saltzman
87%
Jo Laughlin
87%
Jenna Sommers
86%
Kol Mikaelson
85%
Liz Forbes
84%
Vicki Donovan
79%
Finn Mikaelson
76%
John Gilbert
76%
Mikael Mikaelson
76%
Anna Zhu
75%
Silas
73%
Kai Parker
72%
Esther Mikaelson
70%
Lorenzo 'Enzo' St John
70%
Mason Lockwood
65%
Isobel Flemming
63%
Liv Parker
63%
Amara
62%
Lily Salvatore
61%
Sheila Bennett 'Grams"
61%
Pearl Zhu
60%
Hayley Marshall
58%
Emily Bennett
57%
Lexi Branson
56%
Luke Parker
56%
Nadia
53%
Bill Forbes
52%
Rose
52%
Sybil
52%
Nora Hildegard
50%
Abby Bennett
49%
Josie Saltzman
49%
Lizzie Saltzman
49%
Meredith Fell
46%
Valerie Tulle
46%
Logan Fell
43%
Tom Avery
43%
April Young
42%
Mary Louise
42%
Miranda Sommers Gilbert
42%
Cade
40%
Zach Salvatore
40%
Julian
37%
Grayson Gilbert
36%
Seline
36%
Wes Maxfield
36%
Jules
35%
Sarah
35%
Sarah Nelson
35%
Atticus Shane
34%
Aaron Whitmore
32%
Kelly Donovan
32%
Beau
31%
Liam Davis
28%
Ben McKittrick
27%
Luka Martin
27%
Connor Jordan
26%
Guiseppe Salvatore
25%
Markos
23%
Sage
22%
Andie Star
21%
Jesse
20%
Lucy Bennett
19%
Jonas Martin
17%
Alexandria 'Alex' St John
16%
Peter Maxwell
16%
Tessa
16%
Aimee Bradley
15%
Harper
15%
Rayna Cruz
15%
Dorian Williams
13%
Frederick
13%
Mayor Lockwood
13%
Penny Ares
13%
Rudy Hopkins
13%
Tripp Cooke
12%
Ambrose
9%
Ivy
9%
Sloan
9%
Brady
8%
Georgie Dowling
8%
Gregor
8%
Kim
8%
Monique
8%
Violet Fell
8%
Beatrice Bennett
7%
Maddox
7%
Dana
6%
Virginia
6%
Caitlin Shane
3%
No matching quizzes found
Score Distribution
Percent of People with Each Score
Percentile by Number Answered
Your Score History
You have not taken this quiz